Hướng dẫn thực hiện các loại thiệp chúc mừng

保存先:
書誌詳細
第一著者: Trần, Văn Huân
フォーマット: 図書
言語:Undetermined
出版事項: Hà Nội Mỹ thuật 2004
主題:
タグ: タグ追加
タグなし, このレコードへの初めてのタグを付けませんか!
Thư viện lưu trữ: Trung tâm Học liệu Trường Đại học Cần Thơ
LEADER 00533nam a2200181Ia 4500
001 CTU_92463
008 210402s9999 xx 000 0 und d
082 |a 745.594 
082 |b H502 
100 |a Trần, Văn Huân 
245 0 |a Hướng dẫn thực hiện các loại thiệp chúc mừng 
245 0 |c Trần Văn Huân 
260 |a Hà Nội 
260 |b Mỹ thuật 
260 |c 2004 
650 |a Handicraft 
904 |i Tuyến 
980 |a Trung tâm Học liệu Trường Đại học Cần Thơ